| 000 | 00900nam a22002297a 4500 | ||
|---|---|---|---|
| 999 |
_c19309 _d19309 |
||
| 003 | AR-CdUCM | ||
| 008 | 190517b ||||| |||| 00| 0 spa d | ||
| 040 |
_aMUNICIPALIDAD PROVINCIAL DEL CUSCO _cBIBLIOTECA MUNICIPAL DEL CUSCO |
||
| 082 |
_a629.24 / _bSA21 |
||
| 100 |
_aSan Pedro, Roberto _937569 |
||
| 245 |
_aServos de vacío : _bde aplicación en automotores / |
||
| 260 |
_aBuenos Aires : _bMitre, _c1972. |
||
| 300 |
_a70 páginas ; _bfiguras, _c24 cm. |
||
| 505 | _aContenido: Servo de vacío -- Bendix Hydrovac tipo diafragma -- Bendix Treadlevac del tipo de válvulas -- Bendix Treadlevac del tipo de varia de reacción -- Servo de vacío Moraine ... | ||
| 650 |
_aFrenos _940578 |
||
| 650 |
_aAutomóviles _921127 |
||
| 650 |
_aMecánica _918682 |
||
| 710 |
_aCentro Regional de Ayuda Técnica. _910048 |
||
| 710 |
_aA.I.D. _938799 |
||
| 942 |
_2ddc _cLIBROS |
||
| 945 |
_aachl _d2019-05-17 |
||